000 00553nam a2200169Ia 4500
008 090201s9999 xx 000 0 und d
010 _aKPL-27991
040 _bमराठी
041 _aमराठी
082 _a27854
_b27991
100 _aअशोक मेंगजी / द स काकडे
245 _aअतृप्ता
_cअशोक मेंगजी / द स काकडे
260 _c2004
_bग.तु.बांदोडकर
300 _a271
_bमोठा
600 _aअतृप्ता
942 _cBOOK
999 _c226671
_d226671